The Female critick ; or, Letters in drollery from ladies to their humble servants, anonymous. Iter lunare; or, A voyage to the moon, by David Russen /

Bibliographic Details
Other Authors: Russen, David, Cyrano de Bergerac, 1619-1655
Format: Book
Language:English
Published: New York : Garland Pub., 1972.
Series:Foundations of the novel.
Subjects:

MARC

Tag First Indicator Second Indicator Subfields
LEADER 00000pam a2200000 4500
001 in00000046115
005 20151007065327.0
008 720928r1972 nyu 00001 eng
010 |a  71170504  
020 |a 0824005160 
035 |a (OCoLC)00447255 
035 |9 AAE1766AM 
040 |a DLC  |c DLC  |d TXA  |d UtOrBLW 
049 |a TXAM  |c 1 [1333562], 2 [1115300] 
050 0 0 |a PN6173  |b .F36 1972 
082 0 |a 823/.4 
245 0 4 |a The Female critick ;  |b or, Letters in drollery from ladies to their humble servants, anonymous. Iter lunare; or, A voyage to the moon, by David Russen /  |c With a new introd. for the Garland ed. by William Graves. 
264 1 |a New York :  |b Garland Pub.,  |c 1972. 
300 |a 9, 126, 147 pages ;  |c 22 cm. 
336 |a text  |b txt  |2 rdacontent 
337 |a unmediated  |b n  |2 rdamedia 
338 |a volume  |b nc  |2 rdacarrier 
490 1 |a Foundations of the novel 
500 |a Original title of first work reads: The female critick: or, Letters in drollery from ladies to their humble servants. With a letter to the author of a satyr call'd, The true-born English-man. 
500 |a Based on the first part of Cyrano de Bergerac's L'autre monde, also known as Histoire comique. 
650 0 |a English wit and humor. 
650 0 |a Voyages, Imaginary. 
700 1 2 |a Russen, David.  |t Iter lunare. 1972. 
700 1 |a Cyrano de Bergerac,  |d 1619-1655.  |t Histoire comiqve contenant les estats & empires de la lune. 
830 0 |a Foundations of the novel. 
999 |a MARS 
999 f f |s aeb29079-73f0-3d7e-a277-0f6058fa1960  |i 846e8caf-de52-36e7-8cb1-898f193f88cd  |t 0 
952 f f |p ric  |a Texas A&M University  |b Rellis Campus  |c Joint Library Facility  |d Remote Storage  |t 0  |e PN6173 .F36 1972  |h Library of Congress classification  |i unmediated -- volume  |m A14803741783 
998 f f |a PN6173 .F36 1972  |t 0  |l Remote Storage